000 01728nas a22002534i 4500
999 _c64788
_d64788
001 768714001
003 CO-MdFUSB
005 20190202100526.0
008 190131s2017 ck ||||| |||| 00| 0 spa d
022 _a0120-6877
040 _aCO-MdFUSB
_bspa
_cCO-MdFUSB
_dCO-MdFUSB
041 _aspa
100 _aEspinosa Arce, Juan Pablo
_eautor
245 1 4 _aUna teología de la paz como proyecto alternativo :
_bde vida personal y comunitaria
_c/ Juan Pablo Espinosa Arce
300 _aNúmero 72 (2017), páginas 103-114
_c: 24 cm
520 _aEn Colombia, en las condiciones sociales actuales, en las cuales se reconoce un conflicto armado que ha impactado de múltiples formas a todos los actores sociales y políticos, se ha interiorizado una serie de expresiones que naturalizan la violencia y legitiman prácticas que agudizan la exclusión y la discriminación. Ante este panorama se hace la invitación a construir lenguajes de paz desde la novioloencia, con el pleno convencimiento de la posibilidad de reconstruir el tejido social, aportar a las relaciones los contextos y los sujetos para la reconfiguración de las palabras, la evidencia de su intencionalidad y la nominación de los hechos desde lugares de respeto y confianza construidos como sociedad, todo esto con el fin de apostar por un país donde medien renovadas relaciones y lenguajes en el marco del posconflicto
650 0 _aTeología práctica
_9180
653 _aLenguaje de paz
653 _aNoviolencia
653 _aDiscurso
653 _aPoder
773 0 _064784
_977153
_aUniversidad de la Salle
_oR1672
_tRevista de la Universidad de la Salle
_w(CO-MdFUSB)768714001
_x0120-6877
_gNúmero 72 (2017), páginas 103-114
_qPágina 103
942 _cANA